000 00557nam a2200229Ia 4500
008 210210b2011 xxu||||| |||| 00| 0 eng d
020 _a9780415610186
041 _aeng
082 _a401.9 AITA
100 _aAITCHISON (Jean)
245 _aArticulate mammal: an introduction to psycholinguistics
260 _aLondon
_bRoutledge
_c2011
300 _axx,286
650 _ato
650 _apsycholinguistics
650 _amammal:
650 _aintroduction
650 _aArticulate
650 _aan
690 _aLinguistics
906 _a073485
999 _c123320
_d123320